15 Most Populous Countries that Drive on the Right - Statistics

General Stats
  • This quiz has been taken 1,386 times
  • The average score is 12 of 15
Answer Stats
Population Country % Correct
1,409,517,397 China
98%
324,459,463 United States
98%
209,288,278 Brazil
92%
143,989,754 Russia
91%
82,114,224 Germany
89%
129,163,276 Mexico
89%
64,979,548 France
88%
190,886,311 Nigeria
80%
97,553,151 Egypt
78%
80,745,020 Turkey
72%
81,162,788 Iran
70%
81,339,988 D. R. Congo
68%
104,957,438 Ethiopia
65%
95,540,800 Vietnam
63%
104,918,090 Philippines
61%
No matching quizzes found
Score Distribution
Percent of People with Each Score
Percentile by Number Answered
Your Score History
You have not taken this quiz